<?xml version="1.0" encoding="UTF-8"?><?xml-stylesheet type="text/xsl" href="static/style.xsl"?><OAI-PMH xmlns="http://www.openarchives.org/OAI/2.0/" xmlns:xsi="http://www.w3.org/2001/XMLSchema-instance" xsi:schemaLocation="http://www.openarchives.org/OAI/2.0/ http://www.openarchives.org/OAI/2.0/OAI-PMH.xsd"><responseDate>2026-04-19T06:31:18Z</responseDate><request verb="GetRecord" identifier="oai:riubu.ubu.es:10259/10516" metadataPrefix="marc">https://riubu.ubu.es/oai/request</request><GetRecord><record><header><identifier>oai:riubu.ubu.es:10259/10516</identifier><datestamp>2025-06-05T00:06:03Z</datestamp><setSpec>com_10259_6171</setSpec><setSpec>com_10259_5086</setSpec><setSpec>com_10259_2604</setSpec><setSpec>col_10259_6172</setSpec></header><metadata><record xmlns="http://www.loc.gov/MARC21/slim" xmlns:doc="http://www.lyncode.com/xoai" xmlns:xsi="http://www.w3.org/2001/XMLSchema-instance" xmlns:dcterms="http://purl.org/dc/terms/" xsi:schemaLocation="http://www.loc.gov/MARC21/slim http://www.loc.gov/standards/marcxml/schema/MARC21slim.xsd">
<leader>00925njm 22002777a 4500</leader>
<datafield tag="042" ind1=" " ind2=" ">
<subfield code="a">dc</subfield>
</datafield>
<datafield tag="720" ind1=" " ind2=" ">
<subfield code="a">Hurtado Alonso, Nerea</subfield>
<subfield code="e">author</subfield>
</datafield>
<datafield tag="720" ind1=" " ind2=" ">
<subfield code="a">Bravo Díez, Pedro Miguel</subfield>
<subfield code="e">author</subfield>
</datafield>
<datafield tag="720" ind1=" " ind2=" ">
<subfield code="a">de Brito, Jorge</subfield>
<subfield code="e">author</subfield>
</datafield>
<datafield tag="720" ind1=" " ind2=" ">
<subfield code="a">Revilla Cuesta, Víctor</subfield>
<subfield code="e">author</subfield>
</datafield>
<datafield tag="720" ind1=" " ind2=" ">
<subfield code="a">Skaf Revenga, Marta</subfield>
<subfield code="e">author</subfield>
</datafield>
<datafield tag="260" ind1=" " ind2=" ">
<subfield code="c">2025-07</subfield>
</datafield>
<datafield tag="520" ind1=" " ind2=" ">
<subfield code="a">The raw crushing of wind turbine blades that have reached the end of their service life has led to the emergence of a waste material known as Raw-Crushed Wind Turbine Blade (RCWTB). Its heterogeneous composition primarily consists of fibres of glass fibre-reinforced polymer (GFRP), polymeric and balsa wood particles. This study explores the incorporation of RCWTB at low contents in concrete mixes, with a focus on its effects on durability. To this end, four concrete mixes were prepared with RCWTB contents of 0 %, 0.5 %, 1.25 %, and 2.5 %. After fresh-state and strength characterization, the mixes were evaluated for water absorption, chloride penetration resistance, carbonation resistance, thermal conductivity and shrinkage. In terms of slump and compressive strength, the incorporation of RCWTB resulted in moderate reductions in both properties. Nonetheless, all mixes reached 28-day strength values widely exceeding 30 MPa, meeting structural performance criteria. Water absorption, chloride penetration, and carbonation depth increased with RCWTB content due to the presence of porous particles within RCWTB, reaching a maximum at 1.25 % RCWTB, then stabilizing for 2.5 % RCWTB. Conversely, thermal conductivity decreased with RCWTB content due to the low-density particles of balsa wood, also stabilizing beyond 1.25 % RCWTB. All these properties followed a logarithmic evolution with the RCWTB content. Finally, the stiffness provided by GFRP fibres when incorporating 1.25 % and 2.5 % of RCWTB slightly reduced concrete shrinkage. These durability findings allow identifying potential fields of application of concrete containing low RCWTB amounts, such as façade cladding elements, interior beams and columns of buildings, or pavements.</subfield>
</datafield>
<datafield tag="024" ind2=" " ind1="8">
<subfield code="a">0950-0618</subfield>
</datafield>
<datafield tag="024" ind2=" " ind1="8">
<subfield code="a">http://hdl.handle.net/10259/10516</subfield>
</datafield>
<datafield tag="024" ind2=" " ind1="8">
<subfield code="a">10.1016/j.conbuildmat.2025.141900</subfield>
</datafield>
<datafield ind1=" " ind2=" " tag="653">
<subfield code="a">Raw-crushed wind-turbine blades (RCWTB)</subfield>
</datafield>
<datafield ind1=" " ind2=" " tag="653">
<subfield code="a">Concrete</subfield>
</datafield>
<datafield ind1=" " ind2=" " tag="653">
<subfield code="a">Durability</subfield>
</datafield>
<datafield ind1=" " ind2=" " tag="653">
<subfield code="a">Thermal conductivity</subfield>
</datafield>
<datafield ind1=" " ind2=" " tag="653">
<subfield code="a">Shrinkage</subfield>
</datafield>
<datafield ind1=" " ind2=" " tag="653">
<subfield code="a">Environmental impact</subfield>
</datafield>
<datafield tag="245" ind1="0" ind2="0">
<subfield code="a">Evaluation of the durability of structural concrete with low contents of Raw-Crushed Wind Turbine Blade</subfield>
</datafield>
</record></metadata></record></GetRecord></OAI-PMH>